LEADER 01081nam0 2200301 450 001 000041788 005 20151124121855.0 010 $a978-2-7596-0187-5 100 $a20151019d2012----km-y0itaa50------ba 101 0 $afre 102 $aFR 200 1 $aDans l'atelier du photographe$ela photographie mise en scène (1839-2006)$fAnne Cartier-Bresson 210 $aParis$cParis musèes$d2012 215 $a71 p.$cill.$d21 cm 225 2 $aPetites capitales$v15 410 0$12001$aPetites capitales$v15 606 1 $aFotografia$xStoria 676 $a770.1$v(22. ed.)$9Fotografia. Filosofia e teoria 700 1$aCartier-Bresson,$bAnne$0758283 801 0$aIT$bUniversità della Basilicata - B.I.A.$gREICAT$2unimarc 912 $a000041788 996 $aDans l'atelier du photographe$91531223 997 $aUNIBAS BAS $aLETTERE CAT $aMDL$b30$c20151019$lBAS01$h1510 CAT $aMDL$b30$c20151124$lBAS01$h1218 FMT Z30 -1$lBAS01$LBAS01$mBOOK$1BASA1$APolo Storico-Umanistico$2DID$BDidattica$3FP/114211$6114211$5L114211$820151019$f04$FPrestabile Didattica LEADER 02063nam 2200481z 450 001 9910973401103321 005 20240509011059.0 010 $a9780522859584 010 $a0522859585 035 $a(CKB)4100000007759116 035 $a(MiAaPQ)EBC5718422 035 $a(MiAaPQ)EBC31895092 035 $a(Au-PeEL)EBL31895092 035 $a(OCoLC)1496392713 035 $a(Perlego)1881446 035 $a(EXLCZ)994100000007759116 100 $a20190317d2010 uy 0 101 0 $aeng 135 $aurcnu|||||||| 181 $ctxt$2rdacontent 182 $cc$2rdamedia 183 $acr$2rdacarrier 200 10$aNice work /$fJana Wendt 205 $a1st ed. 210 1$aCarlton, Vic. :$cMelbourne University Press Digital,$d2010. 215 $a1 online resource (xi, 229 pages) 320 $aIncludes bibliographical references (pages 226-228). 327 $aCover; Title; Contents; Introduction; 1. The Priest; 2. The Boxer; 3. The Weather Observer; 4. The Forensic Anthropologist; 5. The CEO; 6. The Foley Artist; 7. The Sculptor; 8. The Acrobat; 9. The Volunteers; Notes; References; Acknowledgements; Copyright 330 $aWe spend forty hours, on average, each week in a place that is not our home, in the company of strangers. Odd then, that the details of what we do all that time often remain unknown, even to those closest to us. Jana Wendt, one of Australia's most experienced journalists, sets out to discover what drives us in the work we do. She follows a compelling group of people, from a boxer set for a comeback to a maverick priest, and a CEO whose company is mired in scandal to a forensic anthropologist investigating murder. 606 $aInterviews$zAustralia 606 $aAustralians$vInterviews 607 $aAustralia$vBiography 615 0$aInterviews 615 0$aAustralians 676 $a920.094 700 $aWendt$b Jana$01788276 801 0$bMiAaPQ 801 1$bMiAaPQ 801 2$bMiAaPQ 906 $aBOOK 912 $a9910973401103321 996 $aNice work$94322976 997 $aUNINA